Fire Type Pokemon - Statistics

General Stats
  • This quiz has been taken 3,264 times
    2,068 since last reset
  • The average score is 51 of 74
Answer Stats
Region Pokemon % Correct
Charizard
99%
Kanto Charmander
99%
Charmeleon
98%
Moltres
91%
Magmar
89%
Arcanine
88%
Ponyta
88%
Rapidash
88%
Hoenn Torchic
88%
Blaziken
87%
Johto Cyndaquil
87%
Growlithe
87%
Sinnoh Chimchar
86%
Quilava
86%
Typhlosion
86%
Vulpix
86%
Infernape
85%
Ninetales
85%
Combusken
83%
Flareon
83%
Tepig
83%
Emboar
81%
Magby
80%
Monferno
80%
Magmortar
79%
Pignite
78%
Alola Litten
77%
Kalos Fennekin
76%
Delphox
75%
Entei
75%
Ho-oh
75%
Slugma
73%
Incineroar
72%
Braixen
70%
Camerupt
70%
Heatran
70%
Magcargo
69%
Numel
69%
Torkoal
69%
Torracat
69%
Unova Victini
69%
Galar Scorbunny
68%
Houndoom
66%
Reshiram
66%
Cinderace
64%
Houndour
64%
Chandelure
62%
Litwick
62%
Alola Form Marowak
62%
Raboot
61%
Talonflame
61%
Litleo
60%
Pansear
60%
Pyroar
60%
Heatmor
59%
Simisear
59%
Lampent
58%
Fletchinder
57%
Darmanitan
56%
Darmanitan (Galarian Form in Zen Mode)
56%
Volcarona
56%
Darumaka
55%
Volcanion
54%
Larvesta
53%
Salazzle
50%
Salandit
49%
Turtonator
47%
Centiskorch
46%
Rotom (Heat)
46%
Sizzlipede
45%
Blacephalon
39%
Coalossal
39%
Carkol
36%
Oricorio
35%
No matching quizzes found
Score Distribution
Percent of People with Each Score
Percentile by Number Answered
Your Score History
You have not taken this quiz since the last reset